Datum a čas kvízu
23.5
Celkem bodů
Celkový počet nahraných bodů na tomto kvízu bez doplňovacích otázek.
15.
Pořadí na kvízu
Konečné umístění týmu na tomto kvízu.
Zaznamenané odpovědi
| # | Otázka | Odpověď | Body | Výsledky |
|---|---|---|---|---|
| 1. | Která poslankyně zvolená za SP... | Markéta Šichtařová | 0 | |
| 2. | Britské bankovky budou mít nov... | C | 0 | |
| 3. | Tento muž bude reprezentovat Č... | Daniel Žižka | 0 | |
| 4. | V rámci oslav 75. výročí od vz... | Escherichia coli (E. coli) | 1 | |
| 5. | Kazachstánský tenista Alexandr... | rukojetí rakety | 1 | |
| 6. | Nejrozšířenějším „národním spo... | D | 0 | |
| 7. | Za národní sport lze považovat... | národní házená (česká házená) | 0 | |
| 8. | Podle anglické Wikipedie exist... | o Kanadě | 0 | |
| 9. | U uzákoněných národních sportů... | polo; basketbal | 1 | |
| 10. | I medailové úspěchy z olympijs... | D | 0 |